| 000 | 01881nam a2200445 a 4500 | ||
|---|---|---|---|
| 001 | ebr10275463 | ||
| 003 | CaPaEBR | ||
| 006 | m u | ||
| 007 | cr cn||||||||| | ||
| 008 | 080326s2007 bccab sb 001 0 eng | ||
| 010 | _z 2008371159 | ||
| 016 | _z20079042813 | ||
| 020 | _z9780774814034 | ||
| 020 | _z0774814039 | ||
| 040 |
_aCaPaEBR _cCaPaEBR |
||
| 035 | _a(OCoLC)646795976 | ||
| 043 | _an-cn--- | ||
| 050 | 1 | 4 |
_aKE7715 _b.L48 2007eb |
| 082 | 0 | 4 |
_a346.7104/3208997 _222 |
| 245 | 0 | 0 |
_aLet right be done _h[electronic resource] : _bAboriginal title, the Calder case, and the future of Indigenous rights / _cedited by Hamar Foster, Heather Raven, and Jeremy Webber. |
| 260 |
_aVancouver : _bUBC Press, _cc2007. |
||
| 300 |
_aviii, 337 p. : _bill., map. |
||
| 490 | 1 | _aLaw and society series | |
| 504 | _aIncludes bibliographical references, bibliography (p. 298-321), and index. | ||
| 533 |
_aElectronic reproduction. _bPalo Alto, Calif. : _cebrary, _d2013. _nAvailable via World Wide Web. _nAccess may be limited to ebrary affiliated libraries. |
||
| 600 | 1 | 0 |
_aCalder, Frank _vTrials, litigation, etc. |
| 650 | 0 |
_aIndians of North America _xLand tenure _zCanada. |
|
| 650 | 0 |
_aIndians of North America _xLegal status, laws, etc. _zCanada. |
|
| 650 | 0 |
_aIndians of North America _zCanada _xClaims. |
|
| 650 | 0 |
_aIndigenous peoples _xLand tenure _zCanada. |
|
| 650 | 0 |
_aIndigenous peoples _xLegal status, laws, etc. _zCanada. |
|
| 650 | 0 |
_aIndigenous peoples _zCanada _xClaims. |
|
| 655 | 7 |
_aElectronic books. _2local |
|
| 700 | 1 |
_aFoster, Hamar, _d1948- |
|
| 700 | 1 |
_aWebber, Jeremy H. A., _d1958- |
|
| 700 | 1 |
_aRaven, Heather, _d1948- |
|
| 710 | 2 | _aebrary, Inc. | |
| 830 | 0 | _aLaw and society series (Vancouver, B.C.) | |
| 856 | 4 | 0 |
_uhttp://site.ebrary.com/lib/rucke/Doc?id=10275463 _zAn electronic book accessible through the World Wide Web; click to view |
| 999 |
_c5954 _d5954 |
||